Early and modern military jets - Statistics

General Stats
  • This quiz has been taken 18 times
  • The average score is 30 of 43
Answer Stats
Picture Answer % Correct
A-10 Thunderbolt(warthog)
100%
F-35 Lightning
100%
Eurofighter/typhoon
94%
F-14 Tomcat
94%
F-15 Eagle
94%
F-16 Fighting Falcon
94%
F-18 Hornet
94%
F-22 Raptor
94%
F-4 Phantom
94%
Harrier
94%
Su-27
94%
F-5 Tiger
88%
Me-262
88%
Su-25
88%
Su-57
88%
F-104 Starfighter
81%
F-86 Sabre
81%
Mig-29
81%
F-100 Super Sabre
75%
Mig-15
75%
Mig-21
75%
mig-25
75%
JAS-39 Gripen
69%
Me-163
69%
Mig-23
69%
Su-34
69%
F-80 Shooting Star
63%
F-84 Thunderjet
63%
Meteor
63%
Tornado
63%
JA37 Viggen
56%
Mirage 2000
56%
Rafale
56%
J35 Draken
50%
Vampire
50%
He-162
44%
Venom
44%
J29 Tunnan
38%
CF-100 Canuck
31%
Mirage III
31%
Mystere
31%
Cf-105 Arrow
25%
CF-18 Hornet
19%
No matching quizzes found
Score Distribution
Percent of People with Each Score
Percentile by Number Answered
Your Score History
You have not taken this quiz